Name a Valid Island by Archipelago - Statistics

General Stats
  • This quiz has been taken 20,875 times
    20,002 since last reset
  • The average score is 11 of 20
Answer Stats
Archipelago Five largest islands ... % Correct
Japan Honshu | Hokkaido | Kyushu | Shikoku | Okinawa
94%
British Isles Great Britain | Ireland | Lewis and Harris | Isle of Skye | Mainland (Shetland)
93%
Hawaii Hawaiʻi | Kauaʻi | Maui | Oʻahu | Molokaʻi
85%
Aegean Islands Crete | Evia | Lesbos | Rhodes | Chíos
79%
Greater Antilles Cuba | Hispaniola | Puerto Rico | Jamaica | Isla de la Juventud
76%
Philippines Luzon | Mindanao | Samar | Negros | Palawan
71%
Arctic archipelago (Canada) Baffin Island | Victoria Island | Ellesmere Island | Banks Island | Devon Island
70%
Channel Islands (Europe) Jersey | Guernsey | Alderney | Sark | Herm
70%
Lesser Antilles Trinidad | Martinique | Margarita Island | Basse-Terre (Guadeloupe) | Dominica
70%
Balearic Islands Mallorca | Menorca | Ibiza | Formentera | Cabrera
68%
Canary Islands Tenerife | Fuerteventura | Gran Canaria | Lanzarote | La Palma
66%
Florida Keys Big Pine Key | Key West | Key Biscayne | Boca Grande Key | Bahia Honda Key
58%
Sunda Islands Borneo | Sumatra | Sulawesi | Java | Timor
41%
Bahama Archipelago North Andros | Great Inagua | South Andros | Great Abaco | Grand Bahama
25%
Archipelago Sea (Baltic Sea) Fasta Åland | Kimitoön | Otava | Lemland | Eckerö
23%
Comoro Islands Grande Comore | Anjouan | Grande-Terre (Mayotte) | Mohéli | Pamanzi
16%
Society Islands Tahiti | Raiatea | Moorea | Taha'a | Huahine
15%
Mascarene Islands Mauritius | Réunion | Rodrigues
13%
Galapagos Islands Isabela | Santa Cruz | Fernandina | Santiago | San Cristóbal
11%
Hochelaga Archipelago Island of Montreal | Jesus Island | Île Perrot | Île Bizard | Nuns' Island
8%
No matching quizzes found
Score Distribution
Percent of People with Each Score
Percentile by Number Answered
Your Score History
You have not taken this quiz since the last reset